000
00271nam a2200097Ia 4500
008
220204s9999 xx 000 0 und d
082
_a
339.54:061.1(100)DUN
_b
GAT
245
0
_a
Dunkel draft of uruguay round of GATT negotiations
260
_a
Geneva
_b
GATT
_c
1991
942
_c
BK
999
_c
40507
_d
40507